| 000 | 00443nam a2200181Ia 4500 | ||
|---|---|---|---|
| 001 | 20076 | ||
| 005 | 20260306172739.0 | ||
| 008 | 260306t1984||||xx |||||||||||||| ||spa|| | ||
| 041 | _aESP | ||
| 082 |
_a342.211 _bN514 |
||
| 100 |
_aNahlik, Stanislaw _eAUT |
||
| 245 | 0 | _aCompendio de derecho internacional humanitario | |
| 260 | _c1984 | ||
| 300 |
_a52 páginas : _c23 cm. |
||
| 650 | _aGEN | ||
| 654 | _aCDE | ||
| 942 |
_cLIB _dJUS _fJUS _2ddc _n |
||
| 999 |
_c20076 _d20076 |
||